00289pab a2200121 454500008004000000100001900040245003900059260000900098300000900107362001400116650002100130773001600151180718b1988 xxu||||| |||| 00| 0 eng d aPonnuswamy, S. aFinancing railbBased mass transit c1988 a92-9 aJuly-Dec. aRailways - India aUrban India